| 000 | 00742nam a2200217 i 4500 | ||
|---|---|---|---|
| 001 | 18405 | ||
| 003 | ES-MaACL | ||
| 005 | 20230906151830.0 | ||
| 007 | t| | ||
| 008 | 011218s2001 sp ||||1| spa d | ||
| 020 | _a84-89779-27-9 | ||
| 080 | _a821.134.2(861) Mutis, Alvaro 1.06 | ||
| 245 | 0 | 0 |
_aCaminos y encuentros de Maqroll el Gaviero _b: escritos de y sobre Alvaro Mutis / _cedición a cargo de Javier Ruiz Portella. |
| 250 | _a1ª ed. | ||
| 260 |
_aBarcelona : _bAltera, _c2001. |
||
| 300 |
_a344 p.,[3] p. de lám. : _b1 retr. ; _c23 cm. |
||
| 600 | 1 | 4 |
_aMutis, Alvaro- _xCrítica e interpretación. _984733 |
| 700 | 1 |
_aRuiz Portella, Javier. _9100900 |
|
| 700 | 1 |
_aMutis, Alvaro. _984731 |
|
| 852 |
_aES-MaACL _jL-25204 _bR.131084 |
||
| 999 |
_c18405 _d18405 |
||